[Event "British Championship"]
[Site "?"]
[Date "2011.07.26"]
[Round "2.36"]
[White "Arnott, Jonathan W"]
[Black "Mellor, Stehen D"]
[Result "1-0"]
[WhiteElo "2183"]
[BlackElo "2048"]
[PlyCount "83"]
[EventDate "2011.??.??"]

1. e4 c6 2. Nf3 d5 3. exd5 cxd5 4. Ne5 Nf6 5. d4 Qb6 6. Nc3 Nc6 7. Bb5 e6 8.
O-O Be7 9. Re1 O-O 10. Bxc6 bxc6 11. Re3 Ba6 12. Rg3 Rfd8 13. Bh6 g6 14. h4 Ne4
15. Qf3 f6 16. Nxg6 hxg6 17. Rxg6+ Kf7 18. Qh5 Ke8 19. Nxe4 dxe4 20. Bf8 Be2
21. Qxe2 Bxf8 22. Qxe4 Kf7 23. Rg3 Rxd4 24. Qg6+ Ke7 25. Rb3 Rb4 26. Rf3 f5 27.
Re1 Re4 28. Qh7+ Kd6 29. Rd1+ Rd4 30. Rxd4+ Qxd4 31. Rd3 Qxd3 32. cxd3 Rb8 33.
Qxa7 Rb4 34. d4 Kd5 35. h5 Rxd4 36. Qa5+ Ke4 37. Qe1+ Kd5 38. g3 Bh6 39. Qe2
Rd2 40. Qf3+ Kd6 41. a4 Rxb2 42. Qa3+ 1-0

[Event "British Championship"]
[Site "?"]
[Date "2011.07.27"]
[Round "3.41"]
[White "Webb, Laurence E"]
[Black "Mellor, Stephen D"]
[Result "1-0"]
[WhiteElo "2306"]
[BlackElo "2048"]
[PlyCount "57"]
[EventDate "2011.??.??"]

1. d4 Nf6 2. c4 c5 3. d5 b5 4. Nf3 bxc4 5. Nc3 g6 6. e4 d6 7. Bxc4 Nbd7 8. Bb5
Qc7 9. O-O Bg7 10. Qe2 O-O 11. h3 Bb7 12. Bf4 Nb6 13. a4 a5 14. Rad1 Rfd8 15.
Bh2 Qc8 16. Nd2 e6 17. dxe6 Qxe6 18. e5 Nfd5 19. Nxd5 Qxd5 20. Nf3 Qe6 21. Rxd6
Rxd6 22. exd6 Qxe2 23. Bxe2 Nxa4 24. Bb5 Nxb2 25. d7 a4 26. Re1 Bf6 27. Re8+
Kg7 28. Be5 Bxe5 29. Nxe5 1-0

[Event "British Championship"]
[Site "?"]
[Date "2011.07.28"]
[Round "4.43"]
[White "Mellor, Stephen D"]
[Black "Farrall, David J"]
[Result "1-0"]
[WhiteElo "2048"]
[BlackElo "1869"]
[PlyCount "53"]
[EventDate "2011.??.??"]

1. e4 c5 2. Nf3 d6 3. d4 cxd4 4. Nxd4 Nf6 5. Nc3 Nc6 6. Bg5 e6 7. f4 Be7 8. Bc4
O-O 9. Qd3 Nxd4 10. Qxd4 Qa5 11. O-O-O a6 12. Kb1 b5 13. Bb3 Rd8 14. Rhf1 Bb7
15. f5 e5 16. Qd3 Rac8 17. Bxf6 Bxf6 18. Bd5 Qb6 19. Bxb7 Qxb7 20. Nd5 Rc4 21.
c3 Rdc8 22. Rf3 b4 23. Nxf6+ gxf6 24. Rg3+ Kh8 25. Qxd6 Qxe4+ 26. Ka1 Qxf5 27.
Qd8+ 1-0

[Event "British Championship"]
[Site "?"]
[Date "2011.07.29"]
[Round "5.41"]
[White "Haria, Ravi"]
[Black "Mellor, Stephen D"]
[Result "1-0"]
[WhiteElo "2073"]
[BlackElo "2048"]
[PlyCount "75"]
[EventDate "2011.??.??"]

1. e4 c6 2. d4 d5 3. e5 Bf5 4. h4 h5 5. c4 e6 6. Nc3 Ne7 7. Nge2 dxc4 8. Ng3
Nd7 9. Bxc4 Nb6 10. Bb3 Bg6 11. Bg5 Qd7 12. O-O Nf5 13. Nxf5 Bxf5 14. Bc2 Bxc2
15. Qxc2 Qxd4 16. Rad1 Qc5 17. Qd2 Nd5 18. Nxd5 cxd5 19. Rc1 Qb6 20. Qc2 Be7
21. Bxe7 Kxe7 22. Qc7+ Kf8 23. Qd7 Qd8 24. Qxb7 g6 25. Rc7 Qe8 26. Rfc1 Kg7 27.
Re7 Rb8 28. Qxa7 Ra8 29. Rxe8 Rxa7 30. Rxh8 Kxh8 31. a3 Ra4 32. g3 Re4 33. b4
d4 34. Rd1 Rxe5 35. Rxd4 Re1+ 36. Kg2 Kg7 37. b5 Kf6 38. b6 1-0

[Event "British Championship"]
[Site "?"]
[Date "2011.07.30"]
[Round "6.8"]
[White "Constantinou, Peter"]
[Black "Conquest, Stuart C"]
[Result "0-1"]
[WhiteElo "2292"]
[BlackElo "2519"]
[PlyCount "102"]
[EventDate "2011.??.??"]

1. d4 c6 2. Nf3 d6 3. e4 Bg4 4. c4 Nd7 5. Be2 e5 6. O-O Ngf6 7. Nc3 Be7 8. Be3
O-O 9. d5 Qc7 10. Nd2 Bxe2 11. Qxe2 Rfc8 12. Rfc1 a6 13. a3 Qd8 14. g3 g6 15.
b4 cxd5 16. cxd5 Rc7 17. Na2 Rac8 18. h3 Ne8 19. g4 Ng7 20. Rxc7 Rxc7 21. Rc1
f5 22. f3 h5 23. Rxc7 Qxc7 24. Qc4 Qd8 25. gxf5 gxf5 26. Nf1 Bh4 27. Nc3 f4 28.
Bd2 Qg5+ 29. Kh2 Bg3+ 30. Kh1 Bf2 31. Qc8+ Kh7 32. Ne2 Nf6 33. Qxb7 Qg6 34.
Qxa6 Nxe4 35. fxe4 Qxe4+ 36. Kh2 h4 37. Nc3 Qg6 38. Ne2 f3 39. Bg5 fxe2 40.
Qxe2 Bg3+ 41. Kh1 Qxg5 42. b5 Qf5 43. b6 Qb1 44. Qa6 Qe4+ 45. Kg1 Qd4+ 46. Kh1
Qxd5+ 47. Kg1 Qd4+ 48. Kh1 Bf2 49. b7 Qe4+ 50. Kh2 Qg6 51. b8=Q Qg1# 0-1

[Event "British Championship"]
[Site "?"]
[Date "2011.07.30"]
[Round "6.9"]
[White "Brown, Martin"]
[Black "Wells, Peter K"]
[Result "0-1"]
[WhiteElo "2130"]
[BlackElo "2489"]
[PlyCount "79"]
[EventDate "2011.??.??"]

1. e4 e5 2. Nf3 Nc6 3. d4 exd4 4. Nxd4 Qf6 5. Be3 Bc5 6. c3 Qg6 7. Qf3 Nxd4 8.
cxd4 Bb4+ 9. Bd2 Bxd2+ 10. Nxd2 Ne7 11. Bc4 O-O 12. O-O c6 13. Rfe1 d6 14. a4
Bd7 15. Qg3 Rfe8 16. Qxg6 hxg6 17. Bb3 d5 18. Nf3 f6 19. Re3 Kf8 20. exd5 Nxd5
21. Bxd5 Rxe3 22. fxe3 cxd5 23. Ne1 Rc8 24. Nd3 Rc2 25. a5 Bf5 26. Nb4 Rxb2 27.
Nxd5 Be4 28. Nc3 Rxg2+ 29. Kf1 Rxh2 30. Ra3 Bf3 31. Rb3 g5 32. e4 g4 33. Nb5
Bxe4 34. Nxa7 f5 35. Nc8 f4 36. Nd6 Rh1+ 37. Ke2 f3+ 38. Kf2 Rh2+ 39. Kf1 g3
40. Nxe4 0-1

[Event "British Championship"]
[Site "?"]
[Date "2011.07.30"]
[Round "6.10"]
[White "Chapman, Terry P D"]
[Black "Summerscale, Aaron P"]
[Result "1/2-1/2"]
[WhiteElo "2242"]
[BlackElo "2415"]
[PlyCount "90"]
[EventDate "2011.??.??"]

1. Nf3 d5 2. d4 c5 3. g3 cxd4 4. Nxd4 e5 5. Nb3 a5 6. a4 h6 7. Bg2 Nf6 8. O-O
Nc6 9. Nc3 Be6 10. f4 exf4 11. gxf4 Qb6+ 12. e3 Rd8 13. Nb5 Bf5 14. Bd2 Bb4 15.
N5d4 Be4 16. Bxe4 Nxe4 17. Bxb4 Nxb4 18. c3 Nc6 19. Qe2 Nxd4 20. Nxd4 O-O 21.
Kh1 Rfe8 22. Rg1 Qf6 23. Rg2 Nd6 24. Rag1 g6 25. Qd3 Kh7 26. Rf1 Re4 27. b3
Rde8 28. Rg3 R8e7 29. Rh3 Kg7 30. Rg3 Rc7 31. Rc1 Rc8 32. Rf3 Rce8 33. Rg1 Kh7
34. Rh3 Qe7 35. Rgg3 Qd7 36. Nf3 Kg7 37. Qxd5 Rxe3 38. Qd4+ f6 39. f5 g5 40.
Rxh6 Re1+ 41. Nxe1 Rxe1+ 42. Kg2 Qxf5 43. Rxf6 Re2+ 44. Kg1 Re1+ 45. Kg2 Re2+
1/2-1/2

[Event "British Championship"]
[Site "?"]
[Date "2011.07.30"]
[Round "6.11"]
[White "Palliser, Richard J D"]
[Black "Ross, Chris N"]
[Result "1/2-1/2"]
[WhiteElo "2454"]
[BlackElo "2234"]
[PlyCount "33"]
[EventDate "2011.??.??"]

1. d4 e6 2. c4 Nf6 3. Nf3 d5 4. Nc3 Be7 5. Bg5 Nbd7 6. e3 h6 7. Bh4 O-O 8. Rc1
c6 9. Bd3 dxc4 10. Bxc4 Nd5 11. Bxe7 Qxe7 12. O-O Nxc3 13. Rxc3 c5 14. Qe2 b6
15. Rd1 Bb7 16. Ba6 cxd4 17. Rxd4 1/2-1/2

[Event "British Championship"]
[Site "?"]
[Date "2011.07.30"]
[Round "6.13"]
[White "Lalic, Peter D"]
[Black "Rendle, Thomas E"]
[Result "1/2-1/2"]
[WhiteElo "1978"]
[BlackElo "2386"]
[PlyCount "38"]
[EventDate "2011.??.??"]

1. e4 e6 2. d4 d5 3. Nc3 Nc6 4. Nf3 Nf6 5. e5 Ne4 6. Bd3 Bb4 7. Bd2 Nxd2 8.
Qxd2 f6 9. a3 Ba5 10. b4 Bb6 11. Ne2 Bd7 12. c3 fxe5 13. dxe5 Qe7 14. O-O O-O-O
15. a4 a5 16. b5 Nb8 17. Qg5 Qf7 18. Qf4 Qxf4 19. Nxf4 Rde8 1/2-1/2

[Event "British Championship"]
[Site "?"]
[Date "2011.07.30"]
[Round "6.14"]
[White "Beaumont, Chris R"]
[Black "Adair, James R"]
[Result "0-1"]
[WhiteElo "2313"]
[BlackElo "2212"]
[PlyCount "146"]
[EventDate "2011.??.??"]

1. c4 e5 2. g3 Nf6 3. Bg2 d5 4. cxd5 Nxd5 5. Nc3 Nb6 6. Nf3 Nc6 7. O-O Be7 8.
a3 O-O 9. b4 Be6 10. Rb1 f6 11. d3 a5 12. b5 Nd4 13. Nd2 Qc8 14. e3 Nf5 15. Qc2
Rd8 16. Rd1 Nd6 17. Nce4 Ne8 18. Nb3 Bd5 19. Bb2 Qd7 20. Nbc5 Qxb5 21. d4 Qc6
22. Bf1 Nd6 23. Nc3 Bf3 24. Re1 Kh8 25. Ne6 Rdc8 26. Bd3 Ndc4 27. Bf5 Nxb2 28.
Qxb2 g6 29. Bh3 f5 30. Nc5 Bxc5 31. dxc5 Qxc5 32. e4 Rf8 33. exf5 Nc4 34. Qa2
gxf5 35. Na4 Qc6 36. Rbc1 Bd5 37. Nb2 Nd2 38. Rxc6 Bxa2 39. Rc3 e4 40. Ra1 Bd5
41. Rxc7 f4 42. Nd1 Rae8 43. Bg2 Nf3+ 44. Bxf3 exf3 45. Nb2 Re2 46. Nd3 Rfe8
47. Rc5 Bc6 48. Rxa5 R8e3 49. fxe3 Rg2+ 50. Kf1 fxe3 51. Re1 e2+ 52. Rxe2 fxe2+
53. Ke1 Bf3 54. Kd2 Rxh2 55. Ne1 Bc6 56. Re5 Rh3 57. Re3 Bb5 58. Nc2 Rh1 59.
Ne1 Ba6 60. Re4 Kg7 61. Rg4+ Kf6 62. Rf4+ Ke6 63. a4 Kd5 64. Rf7 Kc5 65. Rf4
Rh3 66. Rg4 h5 67. Rg5+ Kb4 68. a5 Rh1 69. Re5 Ka4 70. Rg5 Rg1 71. Rxh5 Rxg3
72. Nc2 Rd3+ 73. Ke1 Rc3 0-1

[Event "British Championship"]
[Site "?"]
[Date "2011.07.30"]
[Round "6.15"]
[White "Rudd, Jack"]
[Black "Holland, James P"]
[Result "1/2-1/2"]
[WhiteElo "2278"]
[BlackElo "2196"]
[PlyCount "123"]
[EventDate "2011.??.??"]

1. e4 c5 2. Nf3 d6 3. Nc3 Nf6 4. d4 cxd4 5. Nxd4 g6 6. Be3 Bg7 7. f3 Nc6 8. Qd2
O-O 9. O-O-O d5 10. exd5 Nxd5 11. Nxc6 bxc6 12. Bd4 Nxc3 13. Qxc3 Bh6+ 14. Be3
Bxe3+ 15. Qxe3 Qb6 16. Qxe7 Be6 17. Qa3 Rad8 18. Bd3 Rd5 19. Be4 Ra5 20. Qc3
Rc5 21. Qd4 Bxa2 22. h4 Bd5 23. Bd3 Ra5 24. Qxb6 axb6 25. Kd2 h6 26. Rhe1 Rd8
27. Ke3 Kg7 28. b3 Re8+ 29. Kd2 Raa8 30. Rxe8 Rxe8 31. Ra1 Kf6 32. Ra6 Rb8 33.
c4 Be6 34. Kc3 Ke5 35. g3 c5 36. Ra7 g5 37. h5 Rd8 38. Rb7 Rd6 39. Be4 f5 40.
Bc2 Bd7 41. Rb8 Rf6 42. Bd3 Bc6 43. Be2 Bd7 44. Rb7 Rd6 45. Bd3 f4 46. g4 Bc6
47. Re7+ Re6 48. Rxe6+ Kxe6 49. Be2 Ke5 50. Bd1 b5 51. cxb5 Bxb5 52. Bc2 Bc6
53. Bd1 Bd5 54. Be2 Bc6 55. Kc4 Kd6 56. b4 cxb4 57. Kxb4 Ke5 58. Kc3 Bd7 59.
Kd2 Kd4 60. Ba6 Bc6 61. Ke2 Kc3 62. Kf2 1/2-1/2

[Event "British Championship"]
[Site "?"]
[Date "2011.07.30"]
[Round "6.16"]
[White "Boyd, John"]
[Black "Khandelwal, Ankush"]
[Result "0-1"]
[WhiteElo "2200"]
[BlackElo "2211"]
[PlyCount "72"]
[EventDate "2011.??.??"]

1. e4 e5 2. Nc3 Nc6 3. g3 g6 4. Bg2 Bg7 5. Nge2 Nge7 6. d3 O-O 7. O-O d6 8. f4
f5 9. Be3 fxe4 10. dxe4 Bg4 11. h3 Be6 12. Qd2 Qd7 13. Kh2 Rf7 14. Nd5 Raf8 15.
Rad1 exf4 16. gxf4 Bxd5 17. exd5 Nd8 18. Be4 Qa4 19. Nd4 c5 20. dxc6 bxc6 21.
b3 Qa6 22. Nf3 Ne6 23. Bd3 Qc8 24. Ng5 Nxg5 25. fxg5 Rf3 26. Rxf3 Rxf3 27. Bf1
Qf5 28. Bd4 Be5+ 29. Kg1 Rg3+ 30. Bg2 Qf3 31. Rf1 Bxd4+ 32. Kh2 Qe3 33. Qb4
Rxh3+ 34. Bxh3 Be5+ 35. Kg2 Qg3+ 36. Kh1 Qh2# 0-1

[Event "British Championship"]
[Site "?"]
[Date "2011.07.30"]
[Round "6.17"]
[White "Gormally, Daniel W"]
[Black "Nelson, Jonathan P"]
[Result "1-0"]
[WhiteElo "2519"]
[BlackElo "2204"]
[PlyCount "105"]
[EventDate "2011.??.??"]

1. e4 e6 2. d4 d5 3. Nd2 Nf6 4. e5 Nfd7 5. Bd3 c5 6. c3 Nc6 7. Ngf3 cxd4 8.
cxd4 g6 9. O-O Bg7 10. Re1 O-O 11. Nb3 f6 12. exf6 Nxf6 13. Bg5 Qd6 14. Bh4 Nh5
15. Bb5 Ne7 16. Ne5 Nf5 17. Bg5 Nh6 18. Be2 Nf6 19. Bf3 Nf7 20. Bf4 Qb6 21. Rc1
Nxe5 22. Bxe5 Ne8 23. Bxg7 Nxg7 24. Rc3 Qd6 25. Qc1 b6 26. Rc6 Qd8 27. Re3 Bd7
28. Rc7 Ne8 29. Rcc3 Nd6 30. Bg4 Qh4 31. f3 Qf6 32. Qe1 Rae8 33. Rc7 Bc8 34.
Rxa7 h5 35. Bh3 Nf7 36. g3 g5 37. Rc7 Kh8 38. Bf1 e5 39. Bb5 Re6 40. Qc3 exd4
41. Rxe6 Bxe6 42. Nxd4 Ne5 43. Be2 Bg8 44. a4 h4 45. g4 Bh7 46. b4 Kg8 47. Rc8
Ng6 48. Rxf8+ Qxf8 49. a5 bxa5 50. bxa5 Nf4 51. Bf1 Qb8 52. a6 Qb1 53. Qc8+ 1-0

[Event "British Championship"]
[Site "?"]
[Date "2011.07.30"]
[Round "6.19"]
[White "Ansell, Simon T"]
[Black "Britton, Richard L"]
[Result "1-0"]
[WhiteElo "2410"]
[BlackElo "2203"]
[PlyCount "63"]
[EventDate "2011.??.??"]

1. e4 c5 2. d3 Nc6 3. f4 g6 4. Nf3 Bg7 5. Be2 e6 6. O-O Nge7 7. Qe1 d5 8. c3 f5
9. Na3 b6 10. Rb1 O-O 11. e5 a6 12. Nc2 Bd7 13. d4 Nb8 14. b3 Bb5 15. Ba3 Qc8
16. c4 Bd7 17. Qf2 dxc4 18. bxc4 Ba4 19. Rfc1 Nd7 20. Ng5 Re8 21. Nxe6 cxd4 22.
Nxg7 Kxg7 23. Nxd4 Nc6 24. Bf3 Ra7 25. c5 bxc5 26. Bxc5 Rb7 27. Rxb7 Qxb7 28.
Bd6 Rc8 29. h4 h5 30. Kh2 a5 31. Bxc6 Bxc6 32. Qc2 1-0

[Event "British Championship"]
[Site "?"]
[Date "2011.07.30"]
[Round "6.22"]
[White "Atako, Chino"]
[Black "Eggleston, David J"]
[Result "0-1"]
[WhiteElo "2110"]
[BlackElo "2318"]
[PlyCount "68"]
[EventDate "2011.??.??"]

1. e4 c5 2. Nf3 d6 3. d4 cxd4 4. Nxd4 Nf6 5. Nc3 a6 6. Bg5 Nbd7 7. Qd2 e6 8.
O-O-O h6 9. Be3 Ng4 10. Kb1 Nxe3 11. Qxe3 Be7 12. f4 Qc7 13. f5 Nf6 14. Be2 e5
15. Nb3 Bd7 16. g4 Bc6 17. h4 O-O-O 18. Nd5 Bxd5 19. exd5 Kb8 20. c4 Rc8 21.
Rh3 Qd8 22. Nd2 Nd7 23. Ne4 Nc5 24. Nxc5 Rxc5 25. b4 Rc8 26. h5 e4 27. Qxe4 Bf6
28. a3 Re8 29. Qc2 Qe7 30. Bf1 Qe5 31. Ka2 b5 32. Rb3 bxc4 33. Rbb1 Qg3 34. Qg2
Qxg2+ 0-1

[Event "British Championship"]
[Site "?"]
[Date "2011.07.30"]
[Round "6.24"]
[White "Birtwistle, Nigel"]
[Black "Almond, Richard J"]
[Result "0-1"]
[WhiteElo "2214"]
[BlackElo "2121"]
[PlyCount "92"]
[EventDate "2011.??.??"]

1. d4 d5 2. c4 e6 3. Nc3 Nf6 4. cxd5 exd5 5. Bg5 Be7 6. e3 O-O 7. Bd3 Re8 8.
Qc2 Nbd7 9. Nf3 c6 10. O-O Nf8 11. Rab1 Ne4 12. Bf4 f5 13. Ne5 Ng6 14. Nxg6
hxg6 15. f3 Ng5 16. Bg3 Bf6 17. Bf2 Ne6 18. b4 a6 19. a4 Nf8 20. b5 axb5 21.
axb5 Qd6 22. Bg3 Qd8 23. Rfe1 Bh4 24. Qf2 Bxg3 25. Qxg3 Ra3 26. Rbc1 Qa5 27.
Qf2 Rxc3 28. Qd2 Ra3 29. Qxa5 Rxa5 30. bxc6 bxc6 31. Rxc6 Ra3 32. Bf1 Bd7 33.
Rd6 Raxe3 34. Rxe3 Rxe3 35. Rxd5 Re1 36. Kf2 Rc1 37. h4 Be6 38. Rd6 Bc4 39.
Bxc4+ Rxc4 40. Ke3 Kf7 41. g4 Rc3+ 42. Kf4 Ne6+ 43. Ke5 Re3+ 44. Kd5 Nf4+ 45.
Kc6 Rc3+ 46. Kb5 Rxf3 0-1

[Event "British Championship"]
[Site "?"]
[Date "2011.07.30"]
[Round "6.25"]
[White "Jones, William E G"]
[Black "Webb, Laurence E"]
[Result "0-1"]
[WhiteElo "2121"]
[BlackElo "2306"]
[PlyCount "162"]
[EventDate "2011.??.??"]

1. e4 e6 2. d4 d5 3. Nc3 Bb4 4. e5 c5 5. a3 Bxc3+ 6. bxc3 Qa5 7. Bd2 cxd4 8.
cxd4 Qa4 9. Qg4 Ne7 10. c3 Kf8 11. h4 b6 12. h5 h6 13. Nf3 Ba6 14. Bxa6 Qxa6
15. Nh4 Nbc6 16. Rh3 Qc4 17. Rg3 Rg8 18. f4 Ke8 19. f5 Kd7 20. Qf4 Raf8 21. Rf3
g5 22. hxg6 Nxf5 23. gxf7 Rg5 24. Nxf5 Rxf5 25. Qxh6 Rxf3 26. gxf3 Rxf7 27. Qe3
Rh7 28. Kf2 Ne7 29. Rg1 Rh2+ 30. Rg2 Rxg2+ 31. Kxg2 Nf5 32. Qf2 Qc8 33. Kh1 Qa6
34. Bc1 Qd3 35. Bd2 Qb1+ 36. Kg2 Qb2 37. Kh3 Qxa3 38. Kg4 Qf8 39. Bg5 Kc6 40.
Qg2 Kb7 41. Qh2 Qf7 42. Qh8 a5 43. Qh2 Qc7 44. Qb2 Qg7 45. Kf4 Qc7 46. Bf6 Ka6
47. Qb3 Qc6 48. Bd8 Qb5 49. Qa3 Qe8 50. Bf6 Qg8 51. Bg5 Qf7 52. Bf6 Qg6 53. Bg5
Nxd4 54. cxd4 Qf5+ 55. Kg3 Qxg5+ 56. Kh3 Qf5+ 57. Kg3 Qg6+ 58. Kh3 Qh7+ 59. Kg4
Qg8+ 60. Kh4 Qg1 61. Qc3 Kb7 62. f4 Qg6 63. Kh3 Qe4 64. Kg4 Qf5+ 65. Kg3 Qf8
66. Qd3 Qg7+ 67. Kf3 Qd7 68. Qa3 Ka6 69. Kg4 Qg7+ 70. Kf3 Qg6 71. Qc3 Qe8 72.
Kg4 Qg6+ 73. Kf3 a4 74. Kf2 Qf5 75. Kg3 Qf8 76. Qd3+ b5 77. Qc3 Kb6 78. Qc2
Qg7+ 79. Kf3 Qc7 80. Qd3 b4 81. f5 Qc3 0-1

[Event "British Championship"]
[Site "?"]
[Date "2011.07.30"]
[Round "6.26"]
[White "Yurenok, Maria S"]
[Black "Lalic, Susan K"]
[Result "1-0"]
[WhiteElo "2090"]
[BlackElo "2277"]
[PlyCount "89"]
[EventDate "2011.??.??"]

1. d4 e6 2. c4 Bb4+ 3. Nd2 Nf6 4. a3 Bxd2+ 5. Qxd2 b6 6. f3 d5 7. cxd5 exd5 8.
e3 O-O 9. Bd3 Ba6 10. b4 Bxd3 11. Qxd3 c5 12. bxc5 bxc5 13. dxc5 Nbd7 14. c6
Ne5 15. Qc3 Re8 16. Ne2 Rc8 17. Nd4 Nxc6 18. Nxc6 Qd6 19. Qd3 Rxc6 20. Bb2 Nd7
21. O-O Nc5 22. Qd4 Ne6 23. Qd2 h5 24. Rac1 Rb8 25. Be5 Qxe5 26. Rxc6 Rb2 27.
Qc3 Qxc3 28. Rxc3 d4 29. exd4 Nxd4 30. Re3 Ne2+ 31. Kh1 Nf4 32. g3 Nh3 33. Re8+
Kh7 34. Re7 Kg6 35. Rxa7 h4 36. gxh4 f5 37. a4 Kf6 38. a5 Ra2 39. a6 g6 40. Ra8
Ke5 41. f4+ Kf6 42. a7 Kg7 43. Rf3 Nf2+ 44. Rxf2 Rxf2 45. Rd8 1-0

[Event "British Championship"]
[Site "?"]
[Date "2011.07.30"]
[Round "6.27"]
[White "Yap, Jinwei Abel"]
[Black "Harvey, Marcus R"]
[Result "1/2-1/2"]
[WhiteElo "2029"]
[BlackElo "2206"]
[PlyCount "106"]
[EventDate "2011.??.??"]

1. Nf3 c5 2. c4 Nf6 3. e3 d5 4. d4 cxd4 5. exd4 Nc6 6. Nc3 Bg4 7. cxd5 Nxd5 8.
Be2 e6 9. Qb3 Qb6 10. Qxb6 Nxb6 11. O-O Be7 12. b3 Rd8 13. Be3 O-O 14. Rfd1 Bf6
15. Ne4 Nd5 16. Rac1 Be7 17. Nc5 Bxc5 18. Rxc5 Nf6 19. h3 Bh5 20. g4 Bg6 21.
Ne5 Be4 22. f3 Bd5 23. Kf2 Nd7 24. Nxd7 Rxd7 25. Bb5 f5 26. Bxc6 bxc6 27. f4
fxg4 28. hxg4 g5 29. Kg3 Rb7 30. Rc3 Rg7 31. Bc1 gxf4+ 32. Bxf4 h5 33. g5 Rgf7
34. Bd6 Rf3+ 35. Rxf3 Rxf3+ 36. Kh4 Rf2 37. Rd3 Be4 38. Re3 Bf5 39. Kxh5 Rxa2
40. g6 Ra1 41. Kg5 Rf1 42. b4 Rd1 43. Be5 Rg1+ 44. Rg3 Rxg3+ 45. Bxg3 a6 46.
Kf6 Bd3 47. Bd6 Bc4 48. Be5 Bd3 49. g7 Bc4 50. Ke7 Bb5 51. Kxe6 Bc4+ 52. Kd6
Bb5 53. Kc5 Kf7 1/2-1/2

[Event "British Championship"]
[Site "?"]
[Date "2011.07.30"]
[Round "6.28"]
[White "Burnett, Jim"]
[Black "Kemp, Paul R"]
[Result "1-0"]
[WhiteElo "2191"]
[BlackElo "2114"]
[PlyCount "51"]
[EventDate "2011.??.??"]

1. d4 d5 2. c4 c6 3. Nf3 Nf6 4. Nc3 e6 5. Bg5 h6 6. Bh4 dxc4 7. e4 g5 8. Bg3 b5
9. Be2 Bb7 10. h4 g4 11. Ne5 h5 12. O-O Nbd7 13. Qc2 Nxe5 14. Bxe5 Bg7 15. Rad1
O-O 16. f3 Nh7 17. Bxg7 Kxg7 18. g3 Qb6 19. Kh2 Rad8 20. fxg4 Rxd4 21. g5 Rfd8
22. Bxh5 R8d7 23. Rxd4 Rxd4 24. Rxf7+ Kg8 25. g6 Nf8 26. Qf2 1-0

[Event "British Championship"]
[Site "?"]
[Date "2011.07.30"]
[Round "6.29"]
[White "Krzyzanowski, Patryk"]
[Black "O'Toole, George E"]
[Result "0-1"]
[WhiteElo "1996"]
[BlackElo "2185"]
[PlyCount "120"]
[EventDate "2011.??.??"]

1. d4 Nf6 2. c4 c5 3. d5 b5 4. cxb5 a6 5. b6 d6 6. Nc3 g6 7. e4 Bg7 8. Qb3 Bb7
9. a4 a5 10. Bb5+ Nbd7 11. f4 O-O 12. Nf3 Nxb6 13. h3 Qc7 14. Be3 Nh5 15. Kf2
f5 16. exf5 c4 17. Qc2 Nxd5 18. Nxd5 Bxd5 19. g4 Nf6 20. Rhd1 gxf5 21. g5 Ne4+
22. Kg1 Nc3 23. bxc3 Bxf3 24. Rd2 Rac8 25. Rc1 e5 26. Rf2 Be4 27. Qd2 d5 28.
Re1 exf4 29. Bxf4 Qb7 30. h4 Rfd8 31. Be3 Be5 32. Bf4 Bxf4 33. Rxf4 Qb6+ 34.
Kh2 Qc5 35. Rd1 Rd6 36. Qd4 Qxd4 37. Rxd4 Kf7 38. Kg3 Ke6 39. Rf2 Ke5 40. h5
Rg8 41. Kh4 Rb6 42. Rf1 Rb7 43. Rg1 Rbg7 44. Bc6 f4 45. g6 hxg6 46. Rg5+ Bf5
47. Rxd5+ Kf6 48. Rxa5 Rd8 49. Bd5 Rgd7 50. Bxc4 Rd1 51. Ra6+ Kg7 52. h6+ Kh7
53. Rxf5 gxf5 54. Kg5 f3 55. Bf7 f2 56. Ra7 R1d7 57. Rxd7 Rxd7 58. Bc4 Rc7 59.
Bb5 Rxc3 60. Kxf5 f1=Q+ 0-1

[Event "British Championship"]
[Site "?"]
[Date "2011.07.30"]
[Round "6.30"]
[White "Arnott, Jonathan W"]
[Black "Haria, Ravi"]
[Result "1-0"]
[WhiteElo "2183"]
[BlackElo "2073"]
[PlyCount "70"]
[EventDate "2011.??.??"]

1. e4 e6 2. d4 d5 3. Nd2 Nf6 4. e5 Nfd7 5. Bd3 c5 6. c3 Nc6 7. Ngf3 g6 8. h4 h6
9. Bc2 b5 10. a3 a5 11. Nf1 Rb8 12. Be3 b4 13. N1h2 bxc3 14. bxc3 cxd4 15. cxd4
Ba6 16. Ng4 h5 17. Bg5 Be7 18. Ne3 Qb6 19. Rb1 Qa7 20. Rxb8+ Qxb8 21. Bd3 Bxd3
22. Qxd3 Qb2 23. O-O Qxa3 24. Qa6 Nd8 25. Bxe7 Qxe7 26. Qxa5 O-O 27. Rc1 Nb8
28. Rc7 Ndc6 29. Qb6 Qe8 30. Ng5 Ne7 31. Nxe6 fxe6 32. Qxe6+ Rf7 33. Nxd5 Kf8
34. Nxe7 Rxe7 35. Qf6+ Rf7 1-0

[Event "British Championship"]
[Site "?"]
[Date "2011.07.30"]
[Round "6.31"]
[White "Rabbitte, Liam F"]
[Black "Simons, Martin J"]
[Result "1/2-1/2"]
[WhiteElo "2034"]
[BlackElo "2179"]
[PlyCount "33"]
[EventDate "2011.??.??"]

1. b4 e5 2. Bb2 Bxb4 3. Bxe5 Nf6 4. c4 O-O 5. Nf3 Re8 6. Bc3 Be7 7. e3 d5 8.
Qb3 c6 9. Be2 Nbd7 10. O-O Nc5 11. Qc2 Bg4 12. a4 Bd6 13. Qb2 dxc4 14. Bxf6
Qxf6 15. Qxf6 gxf6 16. Bxc4 Be6 17. Bxe6 1/2-1/2

[Event "British Championship"]
[Site "?"]
[Date "2011.07.30"]
[Round "6.32"]
[White "Foo, William J"]
[Black "Walton, Alan J"]
[Result "1/2-1/2"]
[WhiteElo "1893"]
[BlackElo "2172"]
[PlyCount "55"]
[EventDate "2011.??.??"]

1. d4 d5 2. c4 c6 3. Nf3 Nf6 4. e3 e6 5. b3 Be7 6. Bd3 Nbd7 7. O-O O-O 8. Bb2
b6 9. Nc3 Bb7 10. Ne5 c5 11. f4 Ne4 12. Qe2 f6 13. Nxd7 Qxd7 14. Rad1 Qe8 15.
Nb5 Qc8 16. Bxe4 dxe4 17. dxc5 Bxc5 18. Ba3 Bxa3 19. Nxa3 Qc5 20. Nc2 Rad8 21.
Rxd8 Rxd8 22. Rd1 Qe7 23. Kf2 e5 24. Rxd8+ Qxd8 25. fxe5 fxe5 26. Ne1 Bc8 27.
Kg1 Qd6 28. Qc2 1/2-1/2

[Event "British Championship"]
[Site "?"]
[Date "2011.07.30"]
[Round "6.33"]
[White "Sreeves, Clement"]
[Black "Boulton, William J K"]
[Result "1/2-1/2"]
[WhiteElo "2169"]
[BlackElo "1971"]
[PlyCount "58"]
[EventDate "2011.??.??"]

1. c4 f5 2. Nc3 Nf6 3. g3 g6 4. Bg2 Bg7 5. d3 d6 6. e4 Nc6 7. Nge2 O-O 8. O-O
fxe4 9. dxe4 e5 10. Nd5 Nxd5 11. cxd5 Ne7 12. Be3 Bg4 13. f3 Bd7 14. Rc1 c5 15.
Qb3 Qc8 16. Nc3 a6 17. Na4 Bxa4 18. Qxa4 b5 19. Qa5 Qd8 20. Qd2 Nc8 21. Bh3 Nb6
22. Be6+ Kh8 23. b3 Qc7 24. h4 a5 25. h5 gxh5 26. Kg2 a4 27. Rh1 axb3 28. axb3
Nd7 29. Rxh5 Nf6 1/2-1/2

[Event "British Championship"]
[Site "?"]
[Date "2011.07.30"]
[Round "6.34"]
[White "Phillips, Owen S"]
[Black "Jones, Victor G L"]
[Result "0-1"]
[WhiteElo "1967"]
[BlackElo "2153"]
[PlyCount "90"]
[EventDate "2011.??.??"]

1. e4 c5 2. Nf3 e6 3. d4 cxd4 4. Nxd4 a6 5. Qf3 Nc6 6. Nxc6 dxc6 7. Bd3 Ne7 8.
Bf4 Ng6 9. Bg3 e5 10. Qh5 Bd6 11. Nd2 O-O 12. O-O-O Qf6 13. Rhf1 Bc7 14. h4 Nf4
15. Bxf4 Qxf4 16. Qe2 Qxh4 17. Rh1 Qg5 18. Kb1 Bg4 19. f3 Be6 20. g4 h6 21. Rh5
Qf4 22. Rdh1 Bd8 23. Nf1 Bg5 24. Rxg5 Qxg5 25. Rh5 Qf4 26. Ne3 g6 27. Ng2 Qf6
28. Rxh6 Kg7 29. Qe3 Rh8 30. g5 Qe7 31. f4 Rxh6 32. gxh6+ Kh7 33. f5 Bd7 34.
Qb6 gxf5 35. exf5 e4 36. Qe3 Bxf5 37. Nf4 Re8 38. Bc4 Rd8 39. a3 Bg6 40. Qc3
Kxh6 41. Qh3+ Kg7 42. Qg4 Rd6 43. Qg3 b5 44. Bb3 e3 45. Nd3 e2 0-1

[Event "British Championship"]
[Site "?"]
[Date "2011.07.30"]
[Round "6.36"]
[White "Salimbeni, George P W"]
[Black "Dines, Sheila J"]
[Result "1/2-1/2"]
[WhiteElo "2150"]
[BlackElo "1889"]
[PlyCount "37"]
[EventDate "2011.??.??"]

1. d4 e6 2. Nf3 d5 3. c4 Nf6 4. Nc3 Nbd7 5. Bg5 c6 6. e3 Qa5 7. Bxf6 Nxf6 8.
Bd3 dxc4 9. Bxc4 Bb4 10. Qb3 Nd5 11. Rc1 O-O 12. O-O b6 13. Ne5 Bb7 14. e4 Nxc3
15. bxc3 Bd6 16. Nf3 Ba6 17. Rfe1 Bxc4 18. Qxc4 Rac8 19. Qb3 1/2-1/2